| 000 | 01151nmm a2200325 a 4500 | ||
|---|---|---|---|
| 001 | ocm0002348225 | ||
| 003 | TR-IsHL | ||
| 005 | 20201028185119.0 | ||
| 008 | 190903s2019 tu tur | ||
| 007 | cr cn | ||
| 020 | _a9786059898881 | ||
| 035 |
_a2348225 _b(N$T) |
||
| 050 | 0 | 4 |
_aBF724 _b.T87 2019 |
| 090 | 0 | 4 |
_aBF724 _b.T87 2019 |
| 100 | 1 | _aTurhan, Sadettin | |
| 245 | 1 | 0 |
_aGençliğin enerji kodları _h[electronic resource] / _cSadettin Turhan ; yayına hazırlayan Yavuz Selim Pınarbaşı ; editör Sevgi Nihan Akıncı |
| 250 | _a1. Baskı | ||
| 260 |
_aİstanbul : _bYayın Dünyamız Yayınları , _c2019 |
||
| 300 | _a319 p. | ||
| 650 | 4 | _aFelsefe, Psikoloji ve Din | |
| 650 | 4 | _aPhilosophy, Psychology and Religion | |
| 650 | 0 |
_aGençlik _x Yaşam biçimi |
|
| 650 | 0 |
_aYouth _x Conduct of life |
|
| 650 | 0 |
_aGençlik _x Psikoloji |
|
| 650 | 0 |
_aYouth _x Psychology |
|
| 650 | 7 |
_aPSYCHOLOGY / Developmental / Adolescent _2bisacsh |
|
| 700 | 1 | _aPınarbaşı, Yavuz Selim | |
| 700 | 1 | _aAkıncı, Sevgi Nihan | |
| 856 | 4 | 0 | _uhttp://search.ebscohost.com/login.aspx?direct=true&scope=site&db=e011xww&AN=2348225 |
| 999 |
_c21314 _d21314 |
||